podkarpacie - Statystyki

Ogólne statystyki
  • Ten quiz został rozwiązany 960 razy
    951 od ostatniego zresetowania
  • Średni wynik to 11 z 16
Statystyki odpowiedzi
Zagadnienie Odpowiedź % Poprawnych
Największe miasto w województwie podkarpackim to? Rzeszów
98%
Jakie Miasto leży na terenie Podkarpacia ? Przemyśl
97%
Jaką nazwę nosi największa zapora na podkarpaciu i w Polsce? Zapora w Solinie
95%
Która tablica rejestracyjna należy do podkarpacia? RPR
93%
Z którym województwem nie graniczy podkarpacie? łódzkie
92%
Synonim słowa Ciasto używany na podkarpaciu Placek
92%
Z jakimi krajami graniczy województwo podkarpackie Ukraina i Słowacja
92%
Ilu mieszkańców liczy Rzeszów (stan na 2018r.) 196 821
73%
Kto był właścicielem zamku Kamieniec w Odkrzykoniu? Aleksander Fredro
67%
Jak nazywa się słynna twierdza na podkarpaciu? Twierdza Przemyśl
60%
w którym roku utworzone zostało podkarpacie? 1999r.
50%
Jaką nazwę nosi pomnik w Rzeszowie (oczywiście oprócz nazwy potocznej ;) ) Pomnik Czynu Rewolucyjnego w Rzeszowie
50%
Wiodące dziedziny przemysłu Podkarpacia to: lotnictwo i informatyka
41%
Jaki zamek możemy znaleźć na Podkarpaciu? Zamek Kazimierzowski
41%
Jakie jest bezrobocie w województwie podkarpackim? 11,6%
31%
Ile miast liczy Województwo Podkarpackie? 51
30%
Nie znaleziono quizów pasujących do podanych kryteriów
Rozkład punktacji
Procent ludzi z każdym wynikiem
Percentyl według liczby udzielonych odpowiedzi
Twoja historia wyników
Nie rozwiązałeś tego quizu od ostatniego zresetowania